000 00838nam a22002417a 4500
999 _c104437
_d104437
005 20230112143543.0
010 _a1718EN-30 ENG-116415 ENG-135972
020 _a9789385879098
_c499.00
035 _aEN-99947
035 _aEN-119504
035 _aB-685981-6008
037 _bAsian
_adpl
037 _bDBAD/PUB
082 _a546
100 _aRao, K.Rama
245 _aInorganic chemistry :
_cby K. Rama Rao
_bfor JEE main & advanced /
260 _aNew Delhi
_bS. Chand & Company
_c2016
270 _a7361,Ram Nagar
_bNew Delhi
_e110055
300 _avarious pagings :
_c28cm(pbk)
_bill
490 _aExam Success Series
942 _2ddc
_cEN
_mRAO
_h546